[Event "AUT-chT 9596"]
[Site "Vorarlberg"]
[Date "1995.??.??"]
[Round "5"]
[White "Oesterle, Mario"]
[Black "Mrsic, Robert"]
[Result "1/2-1/2"]
[WhiteElo "1835"]
[BlackElo "1905"]
[PlyCount "31"]
[EventDate "1995.??.??"]
[EventType "team"]
[EventRounds "9"]
[EventCountry "AUT"]
[SourceTitle "EXT 1999"]
[Source "ChessBase"]
[SourceDate "1998.11.16"]
[SourceVersion "1"]
[SourceVersionDate "1998.11.16"]
[SourceQuality "1"]

1. e4 d6 2. d4 Nf6 3. Bd3 e5 4. c3 c6 5. Nf3 Qc7 6. h3 Be7 7. 0-0 0-0 8. Be3 Nbd7 9. Nbd2 Re8 10. Qc2 Nf8 11. a4 Ng6 12. Rfe1 Nh5 13. d5 Nhf4 14. Bc4 Rf8 15. b4 Kh8 16. Rad1 1/2-1/2

[Event "AUT-chT2W 9495"]
[Site "Austria"]
[Date "1994.??.??"]
[Round "?.6"]
[White "Kogler, H."]
[Black "Oesterle, Mario"]
[Result "0-1"]
[WhiteElo "1910"]
[BlackElo "1815"]
[PlyCount "78"]
[EventDate "1994.??.??"]
[EventType "team"]
[EventRounds "9"]
[EventCountry "AUT"]
[SourceTitle "EXT 1999"]
[Source "ChessBase"]
[SourceDate "1998.11.16"]
[SourceVersion "1"]
[SourceVersionDate "1998.11.16"]
[SourceQuality "1"]

1. e4 c5 2. Nf3 d6 3. d4 cxd4 4. Nxd4 Nf6 5. Nc3 g6 6. Be2 Bg7 7. 0-0 0-0 8. Be3 Nc6 9. h3 Qa5 10. Nb3 Qc7 11. f4 b6 12. Bf3 Ba6 13. Rf2 Rac8 14. Qd2 Rfd8 15. Kh2 Bc4 16. Rg1 e6 17. g3 Nd7 18. Nd4 Nxd4 19. Bxd4 Bxd4 20. Qxd4 Qc5 21. Rd2 Nb8 22. Rgd1 Nc6 23. Qg1 Qb4 24. Rb1 Bxa2 25. Ra1 Bc4 26. Ra4 Qxb2 27. Rxc4 b5 28. Rxc6 Rxc6 29. Nd1 Qa3 30. Qe3 Qxe3 31. Nxe3 Rc3 32. Re2 a5 33. Kg2 Rdc8 34. Kf2 a4 35. Ke1 a3 36. Kd2 a2 37. Re1 Ra3 38. Ra1 Rcc3 39. Rxa2 Rxe3 0-1